Jewish faith and modern science : (Registro nro. 63351)
[ vista simple ]
| 000 -LEADER | |
|---|---|
| fixed length control field | 00709nam a2200205 a 4500 |
| 001 - CONTROL NUMBER | |
| control field | 63351 |
| 005 - DATE AND TIME OF LATEST TRANSACTION | |
| control field | 20180714065735.0 |
| 008 - FIXED-LENGTH DATA ELEMENTS--GENERAL INFORMATION | |
| fixed length control field | 150821s2009 xxu 000 0 spa d |
| 020 ## - INTERNATIONAL STANDARD BOOK NUMBER | |
| International Standard Book Number | 978-0-7425-6555-5 |
| 082 0# - DEWEY DECIMAL CLASSIFICATION NUMBER | |
| Classification number | 296.375 |
| Item number | SAM |
| 100 1# - MAIN ENTRY--PERSONAL NAME | |
| Personal name | Samuelson, Norbert Max |
| Dates associated with a name | 1936- |
| 245 10 - TITLE STATEMENT | |
| Title | Jewish faith and modern science : |
| Remainder of title | on the death and rebirth of jewish philosophy ; / |
| Statement of responsibility, etc. | 2009. |
| 264 #1 - PRODUCTION, PUBLICATION, DISTRIBUTION, MANUFACTURE, AND COPYRIGHT NOTICE | |
| Place of production, publication, distribution, manufacture | Estados Unidos de América : |
| Name of producer, publisher, distributor, manufacturer | Rowman & Littlefield Publishers, INC ; |
| Date of production, publication, distribution, manufacture, or copyright notice | 2009 |
| 300 ## - PHYSICAL DESCRIPTION | |
| Extent | viii, 289 páginas ; |
| Dimensions | 23 cm. |
| 336 ## - CONTENT TYPE | |
| Content type term | texto |
| Source | rdacontent |
| 337 ## - MEDIA TYPE | |
| Media type term | sin mediación |
| Source | rdamedia |
| 338 ## - CARRIER TYPE | |
| Carrier type term | volumen |
| Source | rdacarrier |
| 650 #4 - SUBJECT ADDED ENTRY--TOPICAL TERM | |
| Topical term or geographic name entry element | Filosofía Judía |
| 650 #4 - SUBJECT ADDED ENTRY--TOPICAL TERM | |
| Topical term or geographic name entry element | Judaismo y ciencia |
| Withdrawn status | Lost status | Source of classification or shelving scheme | Damaged status | Not for loan | Collection code | Home library | Current library | Shelving location | Date acquired | Source of acquisition | Inventory number | Total Checkouts | Full call number | Barcode | Date last seen | Price effective from | Koha item type |
|---|---|---|---|---|---|---|---|---|---|---|---|---|---|---|---|---|---|
| Dewey Decimal Classification | General | Centro de Estudios en Ciencia y Religión | Centro de Estudios en Ciencia y Religión | Sala general | 21/08/2015 | Compra | 151000000000000000077761 | 296.375 SAM 2009 | 86372 | 05/01/2026 | 20/11/2015 | Libro |